Management accounting
Αποθηκεύτηκε σε:
| Συγγραφή απο Οργανισμό/Αρχή: | |
|---|---|
| Μορφή: | Περιοδική έκδοση |
| Γλώσσα: | English |
| Δημοσίευση: |
Montvale, NJ :
Institute of Management Accountants,
1968-1999.
|
| Θέματα: | |
| Ετικέτες: |
Προσθήκη ετικέτας
Δεν υπάρχουν, Καταχωρήστε ετικέτα πρώτοι!
|
MARC
| LEADER | 00000nas a2200000 i 4500 | ||
|---|---|---|---|
| 001 | 1/52662 | ||
| 008 | 040329c19681999us eng | ||
| 022 | |a 00251690 | ||
| 035 | |l 10072959 | ||
| 040 | |a GR-MY-UA |b gre |e aacr | ||
| 041 | 0 | |a eng | |
| 082 | 0 | |a 658.1552 | |
| 110 | 2 | |a Institute of Management Accountants. | |
| 245 | 1 | 0 | |a Management accounting |h [περιοδικό] / |c Institute of Management Accountants. |
| 260 | |a Montvale, NJ : |b Institute of Management Accountants, |c 1968-1999. | ||
| 300 | |a τ. : |b εικ. ; |c 28 εκ. | ||
| 310 | |a Μηνιαίο | ||
| 650 | 0 | 0 | |a Managerial accounting |x Periodicals. |
| 500 | |a Συνεχίζεται με τον τίτλο: "Strategic finance" | ||
| 650 | 0 | 0 | |a Cost accounting |x Periodicals. |
| 853 | |a INST |b CHIOS |h 428.202465 TUL | ||
| 901 | |a BIBL2-2004-1 | ||
| 922 | |a 2ΕΛΗ |b 198801 |c ΚΕΝΤΡΙΚΗ ΒΙΒΛΙΟΘΗΚΗ |d SWETS | ||
| 970 | |a ΣΠΕΝΤΖΑ |b ΕΛΕΝΗ |z 2004/03/29 | ||